Một trời cách biệt T.1

Tallennettuna:
Bibliografiset tiedot
Päätekijä: Leona,Blair
Muut tekijät: Văn hòa (Dịch)
Aineistotyyppi: Kirja
Julkaistu: Đồng Tháp Đồng Tháp 1992
Aiheet:
Tagit: Lisää tagi
Ei tageja, Lisää ensimmäinen tagi!
Thư viện lưu trữ: Trung tâm Học liệu Lê Vũ Hùng, Trường Đại học Đồng Tháp
LEADER 00741pam a22002298a 4500
001 00021364
005 20171026081023.0
008 110524s1992 ||||||Viesd
041 0 # |a Vie 
082 1 # |a 813  |b M458TR 
100 0 # |a Leona,Blair 
245 0 0 |a Một trời cách biệt  |c Blair Leona; Văn Hòa  |n T.1 
260 # # |a Đồng Tháp  |b Đồng Tháp  |c 1992 
300 # # |a 347 tr.  |c 19 cm. 
500 # # |a Văn học hiện đại Mỹ 
650 # 7 |2 Văn học hiện đại Mỹ 
653 # # |a Tiểu thuyết 
700 0 # |a Văn hòa  |e Dịch 
852 # # |b Kho đọc  |j KD.0006111 
852 # # |j KD.0006111 
910 |d 24/05/2011 
980 # # |a Trung tâm Học liệu Lê Vũ Hùng, Trường Đại học Đồng Tháp